| 000 | 00529nam a2200181Ia 4500 | ||
|---|---|---|---|
| 999 |
_c7757 _d7757 |
||
| 003 | OSt | ||
| 005 | 20201019154243.0 | ||
| 008 | 190216s9999||||xx |||||||||||||| ||und|| | ||
| 020 | _a9789350514313 | ||
| 040 | _coclc | ||
| 082 |
_a658.3 _bASW/O |
||
| 100 |
_aAswathappa, K _91369 |
||
| 245 | 0 |
_aOrganisational Behaviour Text,Cases & Games / _cK Aswathappa |
|
| 250 | _a9th ed. | ||
| 260 |
_bHimalaya Publishing House, _c2011. _aNew Delhi: |
||
| 300 | _a706p | ||
| 942 |
_cBK _2ddc _h658.3 _iASW/O _k658.3 _mASW/O |
||